00374 a2200145 4500001000700000020001800007041000800025082001700033100002400050300001200074856002400086040002500110245004200135260005100177112376 a9780863162015 apor aP Year 5 811 aGreenfield, Eloise. a[32] p. u000021/00002101.jpg aBR-BrIDEAcBR-BrIDEA10aNathaniel talkingc Eloise Greenfield a[S.l.]bBlack Butterfly Children's Booksc1988